000 00340cam a22001455a 4500
020 _a0948549890 :
040 _cDLC
082 _a320 LON 1997 A089 Or.
100 1 _aCollin, P. H.
245 1 0 _aDictionary of government politics /
250 _a2nd ed.
260 _aLondon :
_bP. Collin Pub.,
_c[1997]
300 _a280 p.
942 _cEK
999 _c16296
_d16296